| 000 | 00552nam a2200217 a 4500 | ||
|---|---|---|---|
| 999 |
_c6962 _d6962 |
||
| 001 | 6962 | ||
| 003 | BD-JhCC | ||
| 005 | 20180217111405.0 | ||
| 008 | 180203s1980 bg b|||| ||| 001 0 eng d | ||
| 035 | _a(BD-JhCC)6962 | ||
| 040 |
_aBD-JhCC _dBD-JhCC |
||
| 041 | _aeng | ||
| 082 |
_a910.9 _bAHM 1980 |
||
| 100 | _aAhmad, Nafis | ||
| 245 |
_aMuslims and The Science of Geography / _cNafis Ahmad, |
||
| 260 |
_aDacca : _bUniversity Press Ltd, _c1980 |
||
| 300 |
_a111 p. : _c22 cm. |
||
| 650 |
_aGeography _zArab |
||
| 942 |
_2ddc _cBK |
||